| 000 | 00496nam a22001577a 4500 | ||
|---|---|---|---|
| 003 | OSt | ||
| 082 |
_a631.7 _bAFE |
||
| 088 | _a581 | ||
| 100 |
_aAFEEFA ABBAS M.V _aAMRUTHA K V _aCHRISWIN.A P _aGAGAN BHARADWAJ.K _95497 |
||
| 245 | _aEFFECTS OF TILLAGE ON SOIL PHYSICAL PROPERTES IN LATERITE SOIL | ||
| 260 |
_aTAVANUR _bDEPARTMENT OF SOIL AND WATER CONSERVATION ENGINEERING _c2023 |
||
| 300 | _a74 | ||
| 700 |
_aABDUL HAKKIM. V M (Guide) _93780 |
||
| 700 |
_aARDRA WILSON (Guide) _95498 |
||
| 942 | _cPR | ||
| 999 |
_c17719 _d17719 |
||